000 01614nam0a2200361 4500
001 RU\NLR\bibl\1430168
005 20260405184847.0
010 _a978-5-699-37592-9
_96100
021 _aRU
_b2009-82065
_9381д
035 _a(NLR Aleph) 001422080
090 _a1349071
_c1349071
100 _a20091012d2010 |||y0rusy50 ca
101 1 _arus
_cund
102 _aRU
105 _aa |||||||||
200 1 _a7 тайных шагов к здоровью, счастью и богатству
_fНоа Сент-Джон
210 _aМосква
_cЭксмо
_d2010 [т.е. 2009]
215 _a283, [1] с.
_cил.
_d22
225 1 _aСекрет притяжения
300 _aЗагл. и авт. ориг.: The Secret Code of Success / Noah St. John
300 _aКн. фактически издана в 2009 г.
300 _aНа 4-й с. обл. авт.: Ноа Сент-Джон - доктор философии
454 0 _1205##$aThe Secret Code of Success$fNoah St. John
_1700#1$3RU\NLR\auth\7781272$7ba$aSt. John$bN.$f1967-$gNoah$4070
_aSt. John, Noah (1967-)
532 0 1 _aСемь тайных шагов к здоровью, счастью и богатству
_zrus
606 1 _aУспех
_xСоциально-психологические исследования
_92074287
_3RU\NLR\auth\661249276
686 _aС550.354
700 1 _4070
_8rus
_7ca
_aСент-Джон
_bН.
_f1967-
_gНоа
_3RU\NLR\auth\7781271
_964199
801 0 _aRU
_bРГБ
_c20091012
_grcr
801 1 _aRU
_bРГБ
_c20091012
801 2 _aRU
_bNLR
_c20091026
_grcr
942 _cBOOK
980 _aNB